000 01648nam0a2200301 i 4500
001 RU\NLR\BIBL_A\011616863
005 20260405095321.0
010 _a9785916121742
_9950
021 _aRU
_b2017-101921
_97352
035 _a(RuMoRGB)009505377
035 _a(NLR Aleph) 011616863
090 _a10964216
_c10964216
100 _a20180202d2017 km y0rusy50 ca
101 0 _arus
102 _aRU
105 _aa|||j|||000zy
200 1 _aОрганизационно-правовые основы функционирования исправительных учреждений в период 1950-1960-х гг.
_eучебное пособие
_e[для студентов юридических вузов]
_fТ. В. Васильева
_gФедеральная служба исполнения наказаний, Самарский юридический институт
210 _aСамара
_cСамарский юридический институт ФСИН России
_d2017
215 _a119 с.
_cил., табл.
_d20
320 _aБиблиогр.: с. 102-108 (63 назв.) и в подстроч. примеч.
606 1 _aИсправительные учреждения
_jУчебные издания для высших учебных заведений
_xИстория
_yСССР
_92337079
_3RU\NLR\AUTH\6601620968
686 _aХ628.401я73-1
_2rubbk
686 1 _aХ628.402.1-1я73
700 1 _8rus
_7ca
_aВасильева
_bТ. В.
_cканд. юрид. наук
_gТатьяна Валентиновна
_3RU\NLR\AUTH\7735810
_918806
942 _cBOOK
980 _aNBR